000 00808nam a2200241 i 4500
001 91973
003 ES-MaACL
005 20250707034700.0
007 t|
008 050311s1988 sp ||||1| spa d
020 _a84-86648-03-3
080 _a1 Hume, David
080 _a1 Kant, Inmanuel
100 1 _aDuque, Félix.
_946147
245 1 0 _aDe la libertad de la pasión a la pasión de la libertad
_b: (ensayos sobre Hume y Kant) /
_cFélix Duque.
260 _aValencia :
_bNatan,
_c[1988]
300 _a114 p. ;
_c21 cm.
504 _aBibliografía: p. 111-114.
600 1 4 _aHume, David,
_d1711-1776-
_xCrítica e interpretación
_964720
600 1 4 _aKant, Immanuel,
_d1724-1804-
_xCrítica e interpretación
_967497
852 _aES-MaACL
_jE-10811
_bR.135620
999 _c91973
_d91973